Trace Elements / (Record no. 492680)
[ view plain ]
| 000 -LEADER | |
|---|---|
| fixed length control field | 01875nam a22002297a 4500 |
| 003 - CONTROL NUMBER IDENTIFIER | |
| control field | OSt |
| 005 - DATE AND TIME OF LATEST TRANSACTION | |
| control field | 20260511155045.0 |
| 008 - FIXED-LENGTH DATA ELEMENTS--GENERAL INFORMATION | |
| fixed length control field | 260511b |||||||| |||| 00| 0 eng d |
| 020 ## - INTERNATIONAL STANDARD BOOK NUMBER | |
| International Standard Book Number | 9781787465121 |
| 040 ## - CATALOGING SOURCE | |
| Original cataloging agency | Kenya National Library Service |
| 082 ## - DEWEY DECIMAL CLASSIFICATION NUMBER | |
| Classification number | 813.54 LEO |
| 100 ## - MAIN ENTRY--PERSONAL NAME | |
| Personal name | Leon, Donna |
| Relator term | Author |
| 245 ## - TITLE STATEMENT | |
| Title | Trace Elements / |
| Statement of responsibility, etc. | Donna Leon. |
| 300 ## - PHYSICAL DESCRIPTION | |
| Extent | 278 pages ; |
| Dimensions | 20 cm. |
| 490 ## - SERIES STATEMENT | |
| Series statement | Commissario Brunetti (29) |
| 520 ## - SUMMARY, ETC. | |
| Summary, etc. | "When Dottoressa Donato calls the Questura to report that a dying patient at the hospice Fatebenefratelli wants to speak to the police, Commissario Guido Brunetti and his colleague, Claudia Griffoni, waste no time in responding. "They killed him. It was bad money. I told him no," Benedetta Toso gasps the words about her recently deceased husband, Vittorio Fadalto. Even though he is not sure she can hear him, Brunetti softly promises he and Griffoni will look into what initially appears to be a private family tragedy. They discover that Fadalto worked in the field collecting samples of contamination for a company that measures the cleanliness of Venice's water supply and that he had died in a mysterious motorcycle accident. Distracted briefly by Vice Questore Patta's obsession with youth crime in Venice, Brunetti is bolstered once more by the remarkable research skills of Patta's secretary, Signora Elettra Zorzi. Piecing together the tangled threads, in time Brunetti comes to realize the perilous meaning in the woman's accusation and the threat it reveals to the health of the entire region. But justice in this case proves to be ambiguous, as Brunetti is reminded it can be when, seeking solace, he reads Aeschylus's classic play The Eumenides". |
| 650 ## - SUBJECT ADDED ENTRY--TOPICAL TERM | |
| Topical term or geographic name entry element | Investigation |
| Form subdivision | Fiction. |
| 650 ## - SUBJECT ADDED ENTRY--TOPICAL TERM | |
| Topical term or geographic name entry element | Crime |
| Form subdivision | Fiction. |
| 942 ## - ADDED ENTRY ELEMENTS (KOHA) | |
| Source of classification or shelving scheme | Dewey Decimal Classification |
| Koha item type | Books |
| Suppress in OPAC | No |
| Withdrawn status | Source of classification or shelving scheme | Damaged status | Not for loan | Home library | Current library | Date acquired | Source of acquisition | Cost, normal purchase price | Total checkouts | Full call number | Barcode | Date last seen | Price effective from | Koha item type |
|---|---|---|---|---|---|---|---|---|---|---|---|---|---|---|
| Dewey Decimal Classification | Nakuru Library | Acquisition, Cataloguing, Classification and Distribution Development | 05/11/2026 | BAI | 1249.00 | 813.54 LEO | B231553 | 05/11/2026 | 05/11/2026 | Books |
